| 000 | 01044nam a22002055i 4500 | ||
|---|---|---|---|
| 001 | 162151 | ||
| 003 | ES-MaACL | ||
| 005 | 20250930063142.0 | ||
| 008 | 020430s1875 sp |||| | spa d | ||
| 040 |
_aCAM _bspa _cCAM |
||
| 100 | 0 |
_aPina, Mariano, _d1820-1883 _992066 |
|
| 245 | 1 | 0 |
_aMesa revuelta _b: sainete lírico-bailable / _coriginal de Mariano Pina ; música del maestro Aceves. |
| 260 |
_aMadrid : _b[s.n.], _c1875 ( _fImprenta de José Rodríguez) |
||
| 300 |
_a32 p. ; _c19 cm. |
||
| 500 | _aEn port.: Representado por primera vez en Madrid en el Teatro de la Comedia el 23 de diciembre de 1875. | ||
| 596 | _aAl v. de port. consta : "... Administración Lírico-Dramática de Eduardo Hidalgo..." | ||
| 700 | 1 |
_aAceves, Rafael. _9125537 |
|
| 852 |
_aES-MaACL _jF-8584(4) _z-- Enc. pasta española _q-- Falto de la cub. original _z-- Enc. en un vol. facticio formando parte de la col. facticia "Teatro español moderno", vol. 37 _z.- En anteport. firma manuscrita de Gustavo Saenz Diez, 1878 |
||
| 999 |
_c162151 _d162151 |
||